| 000 | 00359nam a2200121 a 4500 | ||
|---|---|---|---|
| 005 | 20140414131856.0 | ||
| 008 | 100828s19uu xx 00 eng d | ||
| 050 |
_aFIL _bJ87 2009 |
||
| 100 | _aVibiesca, Renato | ||
| 245 |
_aSi Juan tamad ay naging kalabaw : _bJuan Tamad became a carabao. |
||
| 260 |
_aManila, Philippines : _bLampara, _c2009. |
||
| 999 |
_c110453 _d110453 |
||